Perry's chemical engineers' handbook. (Record no. 466)
[ view plain ]
| 000 -LEADER | |
|---|---|
| fixed length control field | 00822nac a22002051u 4500 |
| 008 - FIXED-LENGTH DATA ELEMENTS--GENERAL INFORMATION | |
| fixed length control field | 081105s1997 nyu|||||r|||| 00| 0 eng d |
| 010 ## - LIBRARY OF CONGRESS CONTROL NUMBER | |
| LC control number | 96051648 |
| 020 ## - INTERNATIONAL STANDARD BOOK NUMBER | |
| International Standard Book Number | 0070498415 (alk. paper) |
| 082 00 - DEWEY DECIMAL CLASSIFICATION NUMBER | |
| Classification number | 660 |
| Item number | PER |
| Edition number | 22 |
| 100 ## - MAIN ENTRY--PERSONAL NAME | |
| Personal name | 20080729 |
| 9 (RLIN) | 33362 |
| 245 00 - TITLE STATEMENT | |
| Title | Perry's chemical engineers' handbook. |
| 250 ## - EDITION STATEMENT | |
| Edition statement | 7th ed. / |
| Remainder of edition statement | prepared by a staff of specialists under the editorial direction of late editor Robert H. Perry ; editor, Don W. Green ; assistant editor, James O. Maloney. |
| 260 ## - PUBLICATION, DISTRIBUTION, ETC. (IMPRINT) | |
| Place of publication, distribution, etc | New York : |
| Name of publisher, distributor, etc | McGraw-Hill, |
| Date of publication, distribution, etc | 1997. |
| 300 ## - PHYSICAL DESCRIPTION | |
| Extent | 1 v. (various pagings) : |
| Other physical details | ill. ; |
| Dimensions | 27 cm. |
| 650 #0 - SUBJECT ADDED ENTRY--TOPICAL TERM | |
| Topical term or geographic name as entry element | Chemical engineering |
| General subdivision | Handbooks, manuals, etc. |
| 9 (RLIN) | 33363 |
| 700 1# - ADDED ENTRY--PERSONAL NAME | |
| Personal name | Perry, Robert H., |
| Dates associated with a name | 1924- |
| 9 (RLIN) | 33364 |
| 700 1# - ADDED ENTRY--PERSONAL NAME | |
| Personal name | Green, Don W. |
| 9 (RLIN) | 27700 |
| 700 1# - ADDED ENTRY--PERSONAL NAME | |
| Personal name | Maloney, James O. |
| 9 (RLIN) | 33365 |
| 942 ## - ADDED ENTRY ELEMENTS (KOHA) | |
| Item type | NB - Book (Non borrowing) |
| Call number prefix | 660 |
| Source of classification or shelving scheme | Dewey Decimal Classification |
| Withdrawn status | Item status | Source of classification or shelving scheme | Damaged status | Not for loan | Vendor | Home library | Current library | Shelving location | Date acquired | Source of acquisition | Cost, normal purchase price | Total Checkouts | Full call number | Barcode | Date last seen | Date last borrowed | Cost, replacement price | Koha item type |
|---|---|---|---|---|---|---|---|---|---|---|---|---|---|---|---|---|---|---|
| Dewey Decimal Classification | Central Library | Central Library | First floor | 31/05/2006 | 750.00 | 1 | 660 PER | 000004158 | 15/07/2025 | 21/06/2010 | 937.50 | NB - Book (Non borrowing) | ||||||
| Dewey Decimal Classification | Central Library | Central Library | First floor | 31/05/2006 | 750.00 | 660 PER | 000002343 | 15/07/2025 | 937.50 | NB - Book (Non borrowing) |